Loading...
| Literature - American | 0 | 8 | 0 | 0 | 80 | 61 | 92.13 | 1 | 8 | 0.00 | 0.00 |
| Literature - European | 0 | 8 | 0 | 0 | 80 | 36 | 76.88 | 5 | 8 | 0.00 | 0.00 |
| Science - Biology | 0 | 7 | 0 | 2 | 70 | 72 | 105.57 | 0 | 2 | 0.00 | 0.00 |
| Literature - British | 0 | 7 | 0 | 1 | 70 | 69 | 97.57 | 0 | 3 | 0.00 | 0.00 |
| Fine Arts - Painting & Sculpture | 0 | 6 | 1 | 1 | 55 | 81 | 95.67 | 0 | 3 | 0.00 | 0.00 |
| Literature - World | 0 | 5 | 0 | 0 | 50 | 18 | 56.20 | 3 | 5 | 0.00 | 0.00 |
| History - World | 0 | 4 | 0 | 0 | 40 | 73 | 101.25 | 0 | 1 | 0.00 | 0.00 |
| Mythology | 0 | 4 | 0 | 0 | 40 | 17 | 79.75 | 2 | 3 | 0.00 | 0.00 |
| Philosophy | 0 | 5 | 2 | 1 | 40 | 72 | 89.20 | 1 | 4 | 0.00 | 0.00 |
| Religion | 0 | 4 | 0 | 0 | 40 | 57 | 79.75 | 0 | 3 | 0.00 | 0.00 |
| Social Science | 0 | 2 | 0 | 1 | 20 | 91 | 108.50 | 0 | 0 | 0.00 | 0.00 |
| Fine Arts - Classical Music | 0 | 1 | 0 | 0 | 10 | 125 | 125.00 | 0 | 0 | 0.00 | 0.00 |
| Fine Arts - Other | 0 | 1 | 0 | 0 | 10 | 53 | 53.00 | 0 | 1 | 0.00 | 0.00 |
| Science - Chemistry | 0 | 2 | 2 | 2 | 10 | 121 | 123.50 | 0 | 1 | 0.00 | 0.00 |
| Science - Other | 0 | 1 | 0 | 0 | 10 | 138 | 138.00 | 0 | 0 | 0.00 | 0.00 |
| Science - Physics | 0 | 2 | 3 | 0 | 5 | 73 | 91.50 | 0 | 1 | 0.00 | 0.00 |
| Other | 0 | 1 | 1 | 0 | 5 | 64 | 64.00 | 0 | 1 | 0.00 | 0.00 |
| History - American | 0 | 1 | 1 | 0 | 5 | 126 | 126.00 | 0 | 0 | 0.00 | 0.00 |
| History - Other | 0 | 1 | 2 | 0 | 0 | 67 | 67.00 | 0 | 0 | 0.00 | 0.00 |
| History - European | 0 | 0 | 1 | 0 | -5 | 0.00 | 0 | 0 | 0.00 | 0.00 |